[Event "AUTO-OPEN-2046"]
[Site "http://www.queenalice.com/game.php?id=852821"]
[Date "2010.10.31"]
[Round "2"]
[White "Lopesq"]
[Black "Fregapani"]
[Result "0-1"]
[WhiteElo "1651"]
[BlackElo "2178"]

1. Nf3 Nf6 2. d4 d5 3. c3 Nc6 4. Bf4 Bf5 5. Nbd2 e6 6. e3 Bd6 7. Bxd6 Qxd6 8.
Bb5 O-O 9. Bxc6 Qxc6 10. Ne5 Qd6 11. Ndf3 h6 12. h3 Ne4 13. g4 Bh7 14. Qb3 f6
15. Nd3 Qa6 16. Nc5 Nxc5 17. Qd1 Nd3+ 18. Kd2 Nxf2 19. Qf1 Nxh1 20. Qxh1 Qd3+
21. Ke1 Qxe3+ 22. Kd1 Bd3 23. Nd2 f5 24. Qe1 Qxe1+ 25. Kxe1 fxg4 26. hxg4 Rf4
27. g5 h5 28. a4 Raf8 29. g6 Rg4 0-1

[Event "AUTO-OPEN-2033"]
[Site "http://www.queenalice.com/game.php?id=882671"]
[Date "2011.1.7"]
[Round "3"]
[White "Fregapani"]
[Black "Famelo"]
[Result "1-0"]
[WhiteElo "2237"]
[BlackElo "2154"]

1. e4 d6 2. d4 Nf6 3. Nc3 g6 4. Nf3 Bg7 5. Be2 O-O 6. O-O c6 7. h3 Nbd7 8. Be3
e5 9. dxe5 Nxe5 10. Qd2 Be6 11. Rfd1 Nxf3+ 12. Bxf3 Ne8 13. Ne2 b5 14. Nd4 Rc8
15. Nxe6 fxe6 16. c3 a5 17. a4 bxa4 18. Rxa4 d5 19. Bg4 Kf7 20. Bc5 Nd6 21. exd5
cxd5 22. Bxe6+ Kxe6 23. Qxd5+ 1-0

[Event "AUTO-OPEN-2033"]
[Site "http://www.queenalice.com/game.php?id=882672"]
[Date "2011.1.7"]
[Round "3"]
[White "Famelo"]
[Black "Fregapani"]
[Result "0-1"]
[WhiteElo "2202"]
[BlackElo "2231"]

1. f4 Nf6 2. Nf3 d5 3. e3 g6 4. d4 Bg7 5. Bd3 O-O 6. O-O c5 7. c3 Nc6 8. Ne5 Qc7
9. Nd2 a5 10. Ndf3 c4 11. Bc2 Bf5 12. Bxf5 gxf5 13. b3 Ne4 14. Bd2 Nxe5 15. fxe5
b5 16. Rc1 e6 17. Be1 f6 18. exf6 Bxf6 19. Nd2 Nxd2 20. Bxd2 Be7 21. Qe2 Kh8 22.
Rf3 Rg8 23. Be1 Bd6 24. g3 h5 25. Rf2 h4 26. Qh5+ Qh7 27. Qxh7+ Kxh7 28. Rg2
cxb3 29. axb3 hxg3 30. Bxg3 Bxg3 31. Rxg3 Rxg3+ 32. hxg3 a4 33. bxa4 bxa4 34.
Ra1 a3 35. Kf2 Kg6 36. Ra2 Kg5 37. Kf3 Ra4 38. Kf2 Kg4 39. Kg2 Ra7 40. Kf2 Ra6
41. Kg2 Rb6 42. Rxa3 Rb2+ 43. Kf1 Kf3 44. Ke1 Re2+ 45. Kd1 Rxe3 46. Kd2 Kf2 47.
Ra1 Rxg3 48. Rh1 f4 49. Rh2+ Kg1 50. Rh6 f3 51. Rf6 f2 52. Ke2 Rg2 0-1

[Event "AUTO-OPEN-2237"]
[Site "http://www.queenalice.com/game.php?id=889623"]
[Date "2011.1.22"]
[Round "1"]
[White "yannigator"]
[Black "Fregapani"]
[Result "0-1"]
[WhiteElo "1672"]
[BlackElo "2230"]

1. e4 c5 2. c3 Nf6 3. e5 Nd5 4. d4 cxd4 5. cxd4 d6 6. Bc4 Nb6 7. Bb5+ Bd7 8. Nc3
Bxb5 9. Nxb5 a6 10. Nc3 dxe5 11. d5 e6 12. dxe6 Qxd1+ 13. Kxd1 fxe6 14. Nf3 Nc6
15. Be3 Nc4 16. Ke2 Be7 17. Rhd1 Rd8 18. Rxd8+ Bxd8 19. b3 Nxe3 20. Kxe3 Ke7 21.
Rd1 Bb6+ 22. Ke4 Rf8 23. Nxe5 Nxe5 24. Kxe5 Rxf2 25. a4 Rxg2 26. b4 Rg4 27. b5
Bc7+ 28. Rd6 Bxd6# 0-1

[Event "AUTO-OPEN-2237"]
[Site "http://www.queenalice.com/game.php?id=889624"]
[Date "2011.1.22"]
[Round "1"]
[White "Fregapani"]
[Black "yannigator"]
[Result "1-0"]
[WhiteElo "2229"]
[BlackElo "1674"]

1. e4 e5 2. Nf3 Nc6 3. Bb5 a6 4. Ba4 Nf6 5. O-O d6 6. Re1 b5 7. Bb3 Be7 8. c3
O-O 9. h3 Be6 10. d4 exd4 11. cxd4 Bxb3 12. Qxb3 Re8 13. Nc3 Bf8 14. Bg5 h6 15.
Bh4 b4 16. Nd5 Be7 17. Nxe7+ Rxe7 18. e5 dxe5 19. dxe5 g5 20. Rad1 Qb8 21. Nxg5
hxg5 22. Bxg5 Na5 23. Qf3 Nh7 24. Bxe7 1-0

[Event "AUTO-OPEN-2237"]
[Site "http://www.queenalice.com/game.php?id=889649"]
[Date "2011.1.22"]
[Round "1"]
[White "Fregapani"]
[Black "DDK"]
[Result "1-0"]
[WhiteElo "2291"]
[BlackElo "1681"]

1. e4 e5 2. Nf3 Bd6 3. d4 Qe7 4. Nc3 Nc6 5. Nd5 Qe6 6. Ng5 Qg6 7. dxe5 Bxe5 8.
f4 Bf6 9. Nxc7+ Kf8 10. Nxa8 h6 11. f5 Bc3+ 12. bxc3 Qf6 13. Ba3+ Nge7 14. Bxe7+
Qxe7 15. Nf3 Qxe4+ 16. Kf2 Qxf5 17. Qd6+ Ne7 18. Bd3 Qa5 19. Rhe1 Qd8 20. Re2 b6
21. Rae1 Bb7 22. Rxe7 1-0

[Event "AUTO-OPEN-2237"]
[Site "http://www.queenalice.com/game.php?id=889650"]
[Date "2011.1.22"]
[Round "1"]
[White "DDK"]
[Black "Fregapani"]
[Result "0-1"]
[WhiteElo "1734"]
[BlackElo "2300"]

1. e4 c5 2. d4 cxd4 3. Qxd4 Nc6 4. Qe3 Nf6 5. Bc4 d5 6. exd5 Nxd5 7. Bxd5 Qxd5
8. Nc3 Qxg2 9. Qf3 Bh3 10. Nce2 Qxf3 11. Nxf3 Bg2 12. Rg1 Bxf3 13. Bf4 Bxe2 14.
Kxe2 e5 15. Be3 O-O-O 16. a3 g6 17. Bg5 Rd7 18. Bf6 Rg8 19. b4 Bg7 20. Bg5 Nd4+
21. Kd3 Nf3+ 22. Ke3 Nxg1 23. Rxg1 f5 24. c3 e4 25. Ke2 Rd3 26. Be3 Rxc3 27.
Bxa7 Rxa3 28. Rc1+ Rc3 29. Rd1 Rd8 30. Rb1 Bd4 31. Bxd4 Rxd4 32. Rb2 f4 33. Kf1
f3 34. Rb1 Rdc4 35. h3 Rc1+ 0-1

[Event "AUTO-OPEN-2046"]
[Site "http://www.queenalice.com/game.php?id=892326"]
[Date "2011.1.28"]
[Round "3"]
[White "gedanix"]
[Black "Fregapani"]
[Result "1-0"]
[WhiteElo "2341"]
[BlackElo "2238"]

1. e4 c5 2. Nf3 d6 3. d4 cxd4 4. Nxd4 Nf6 5. Nc3 a6 6. Bg5 e6 7. f4 Be7 8. Qf3
Qc7 9. O-O-O Nbd7 10. g4 b5 11. Bxf6 1-0

[Event "AUTO-OPEN-2015"]
[Site "http://www.queenalice.com/game.php?id=900079"]
[Date "2011.2.13"]
[Round "3"]
[White "Famelo"]
[Black "Fregapani"]
[Result "0-1"]
[WhiteElo "2188"]
[BlackElo "2262"]

1. f4 Nf6 2. Nf3 g6 3. e3 Bg7 4. d4 O-O 5. Be2 d6 6. O-O c5 7. c3 Bf5 8. dxc5
dxc5 9. Na3 Nc6 10. Qxd8 Rfxd8 11. Bd2 a6 12. Rad1 Be6 13. c4 Ne4 14. Bc1 Nb4
15. Rxd8+ Rxd8 16. Ng5 Nxg5 17. fxg5 Nxa2 18. Nc2 Nxc1 19. Rxc1 Rd2 20. Bd1 Bxb2
21. Rb1 Be5 22. Ne1 Bf5 23. Nf3 Bxb1 24. Nxd2 Bd3 25. Bf3 b5 26. cxb5 axb5 27.
Kf2 c4 28. h3 b4 29. Ke1 b3 30. Be4 Bc3 31. Bxd3 cxd3 32. Kd1 Bxd2 33. Kxd2 b2
0-1

[Event "AUTO-OPEN-2015"]
[Site "http://www.queenalice.com/game.php?id=900080"]
[Date "2011.2.13"]
[Round "3"]
[White "Fregapani"]
[Black "Famelo"]
[Result "1-0"]
[WhiteElo "2252"]
[BlackElo "2185"]

1. e4 d6 2. d4 Nf6 3. Nc3 g6 4. Nf3 Bg7 5. Be2 O-O 6. O-O Nc6 7. h3 e5 8. d5 Ne7
9. Be3 Nh5 10. Qd2 f5 11. Qd3 f4 12. Bc1 h6 13. b3 a6 14. a4 Bd7 15. Ba3 Nf6 16.
a5 g5 17. Rac1 Ng6 18. Nb1 Nh7 19. Nh2 Rf7 20. Bh5 Qf6 21. Ng4 Bxg4 22. Bxg4 Re7
23. c4 Qf8 24. Be6+ Kh8 25. c5 Rd8 26. cxd6 cxd6 27. Nd2 f3 28. g3 Qf6 29. Rc3
Rxe6 30. dxe6 Qxe6 31. Qxf3 Qxh3 32. Rc7 Rf8 33. Qg2 Qe6 34. Rxb7 g4 35. Rb6 Rd8
36. Rxa6 h5 37. Nc4 Bf8 38. Bxd6 Bxd6 39. Rd1 Ng5 40. Rdxd6 Rxd6 41. Rxd6 Qf7
42. a6 Nh3+ 43. Kf1 Ne7 44. a7 Qf8 45. Nb6 1-0

[Event "AUTO-OPEN-2081"]
[Site "http://www.queenalice.com/game.php?id=904106"]
[Date "2011.2.22"]
[Round "2"]
[White "doomedbr"]
[Black "Fregapani"]
[Result "0-1"]
[WhiteElo "2229"]
[BlackElo "2292"]

1. e4 c5 2. Nf3 d6 3. d4 cxd4 4. Nxd4 Nf6 5. Nc3 a6 6. Be2 e5 7. Nb3 Be7 8. Nd5
Nxe4 9. Be3 Nd7 10. O-O O-O 11. f3 Nef6 12. Nxe7+ Qxe7 13. Qd2 b5 14. a4 bxa4
15. Rxa4 d5 16. c3 Rb8 17. Ra3 Qd6 18. Rd1 Qc7 19. Bd3 e4 20. Be2 exf3 21. Bxf3
Ne4 22. Qxd5 Ndf6 23. Qd4 Bg4 24. Qd3 Rfe8 25. Bd4 Bxf3 26. Qxf3 h6 27. Re1 Ng5
28. Rxe8+ Rxe8 29. Qd1 Nd5 30. Rxa6 Nf4 31. Nc5 Qc8 32. Kh1 Nxg2 33. Bf2 Qf5 34.
Kxg2 Qh3+ 35. Kh1 Nf3 36. Bg1 Re1 37. Ra8+ Kh7 38. Qc2+ g6 39. Qg2 Rxg1+ 40.
Qxg1 Nxg1 41. Kxg1 Qe3+ 42. Kg2 Qxc5 43. Ra1 Qf5 44. Rf1 Qg4+ 45. Kf2 Kg7 46.
Ke3 Qh3+ 47. Rf3 Qxh2 48. b4 g5 49. Rf2 Qe5+ 50. Kd3 g4 51. Rf1 g3 52. c4 g2 53.
Rg1 Qh2 0-1

[Event "AUTO-OPEN-2081"]
[Site "http://www.queenalice.com/game.php?id=904107"]
[Date "2011.2.22"]
[Round "2"]
[White "Fregapani"]
[Black "doomedbr"]
[Result "1/2-1/2"]
[WhiteElo "2302"]
[BlackElo "2220"]

1. e4 e5 2. Nf3 Nc6 3. Bb5 a6 4. Ba4 Nf6 5. O-O Be7 6. Re1 b5 7. Bb3 d6 8. c3
O-O 9. h3 d5 10. exd5 Nxd5 11. Nxe5 Nxe5 12. Rxe5 c6 13. d4 Bd6 14. Re1 Bf5 15.
Nd2 Re8 16. Nf3 f6 17. Rxe8+ Qxe8 18. a4 Rd8 19. axb5 axb5 20. Bc2 Qg6 21. Bxf5
Qxf5 22. Qe2 Qd7 23. Bd2 Re8 24. Qd3 Nb6 25. b3 Qf7 26. Qc2 Re2 27. Re1 Qe6 28.
Rxe2 Qxe2 29. Qc1 h6 30. Qe1 Qxe1+ 31. Bxe1 Kf7 32. Bd2 Ke6 33. Kf1 g5 34. Ke2
f5 35. Kd3 Nd7 36. Bc1 c5 37. dxc5 Nxc5+ 38. Kc2 Be5 39. h4 gxh4 40. Nxe5 Kxe5
41. Bxh6 Ne6 42. Bc1 f4 43. f3 Ng5 44. Kd3 Nxf3 45. Ke2 Ng5 46. c4 bxc4 47. bxc4
Ke4 48. c5 Ne6 49. Ba3 Nd4+ 50. Kf2 Nc6 51. Bb2 Nb4 52. Ke2 f3+ 53. gxf3+ Kf4
54. Bd4 h3 55. Kf2 Nd3+ 56. Kg1 Nb4 57. Bc3 Nd5 58. c6 Kxf3 59. Kh2 1/2-1/2

[Event "AUTO-OPEN-2081"]
[Site "http://www.queenalice.com/game.php?id=904112"]
[Date "2011.2.22"]
[Round "2"]
[White "drd123"]
[Black "Fregapani"]
[Result "0-1"]
[WhiteElo "2170"]
[BlackElo "2242"]

1. e4 c5 2. Nf3 d6 3. d4 cxd4 4. Nxd4 Nf6 5. Nc3 a6 6. Be3 e5 7. Nb3 Be7 8. Be2
Be6 9. O-O b5 10. Nd2 Qc7 11. a3 O-O 12. f4 exf4 13. Bxf4 Nbd7 14. Nf3 Qb7 15.
Ng5 Rac8 16. Bxd6 Qb6+ 17. Kh1 Bxd6 18. g4 Rce8 19. Bd3 Bxg4 20. Qe1 Re5 21. Qh4
Qe3 22. Nxh7 Rh5 23. Nxf6+ Nxf6 0-1

[Event "AUTO-OPEN-2081"]
[Site "http://www.queenalice.com/game.php?id=904113"]
[Date "2011.2.22"]
[Round "2"]
[White "Fregapani"]
[Black "drd123"]
[Result "1-0"]
[WhiteElo "2272"]
[BlackElo "2160"]

1. e4 e5 2. Nf3 Nc6 3. Bb5 a6 4. Ba4 Nf6 5. O-O b5 6. Bb3 Be7 7. Re1 O-O 8. c3
d6 9. h3 Na5 10. Bc2 c5 11. d4 Qc7 12. d5 Bd7 13. b3 Rfc8 14. Be3 Nb7 15. Nbd2
b4 16. c4 h6 17. Nf1 a5 18. Ng3 Qd8 19. Nf5 Bxf5 20. exf5 Nd7 21. a4 Bf6 22. Rc1
Qe7 23. Qd3 Re8 24. Qe4 Nf8 25. Qg4 Kh8 26. h4 e4 27. Bd2 exf3 28. Rxe7 Rxe7 29.
g3 Re2 30. Be3 Bb2 31. Qxf3 Rxe3 32. Qxe3 Bxc1 33. Qxc1 Re8 34. f6 Ng6 35. Bxg6
fxg6 36. f7 Rf8 37. Qe1 1-0

[Event "AUTO-OPEN-2001"]
[Site "http://www.queenalice.com/game.php?id=937574"]
[Date "2011.5.13"]
[Round "3"]
[White "Fregapani"]
[Black "headhunter"]
[Result "0-1"]
[WhiteElo "2247"]
[BlackElo "2548"]

1. e4 c5 2. Nf3 d6 3. d4 cxd4 4. Nxd4 Nf6 5. Nc3 a6 6. Be2 e5 7. Nb3 Be7 8. O-O
O-O 9. Be3 Be6 10. Qd2 Nbd7 11. f4 exf4 12. Bxf4 Ne5 13. Rad1 b5 14. Nd4 Qc7 15.
Nf5 Bxf5 16. exf5 b4 17. Na4 Rab8 18. b3 Rfc8 19. Rc1 Qd7 20. Bxe5 dxe5 21. Qxd7
Nxd7 22. Bxa6 Rc6 23. Bd3 Nc5 24. Rfe1 g6 0-1

[Event "AUTO-OPEN-2001"]
[Site "http://www.queenalice.com/game.php?id=937575"]
[Date "2011.5.13"]
[Round "3"]
[White "headhunter"]
[Black "Fregapani"]
[Result "1-0"]
[WhiteElo "2545"]
[BlackElo "2281"]

1. e4 c6 2. d4 d5 3. Nc3 dxe4 4. Nxe4 Bf5 5. Ng3 Bg6 6. h4 h6 7. Nf3 e6 8. Ne5
Bh7 9. Bd3 Bxd3 10. Qxd3 Nf6 11. Bd2 Be7 12. O-O-O O-O 13. f4 Nbd7 14. Qf3 Qc7
15. Rhe1 Rad8 16. f5 Bd6 17. Nxd7 Qxd7 18. fxe6 fxe6 19. Qb3 Bxg3 20. Qxg3 Qd5
21. Bxh6 Nh5 22. Qg4 Qxa2 23. c3 Rf2 24. Re2 1-0

[Event "AUTO-OPEN-2237"]
[Site "http://www.queenalice.com/game.php?id=956879"]
[Date "2011.7.4"]
[Round "2"]
[White "muppyman"]
[Black "Fregapani"]
[Result "1-0"]
[WhiteElo "2391"]
[BlackElo "2314"]

1. e4 c5 2. Nf3 d6 3. d4 cxd4 4. Qxd4 Nc6 5. Qd3 Nf6 6. Be2 g6 7. O-O Bg7 8. Nc3
O-O 9. Be3 Bg4 10. Qb5 Bd7 11. Qb3 Rb8 12. Rad1 b5 13. e5 dxe5 14. Nd5 b4 15.
Nxf6+ Bxf6 16. Qd5 Nd4 17. Nxd4 exd4 18. Bxd4 Bb5 19. Qxd8 Rfxd8 20. Bxf6 Bxe2
21. Rxd8+ Rxd8 22. Bxe7 Rd7 23. Bxb4 Bxf1 24. Kxf1 1-0

[Event "AUTO-OPEN-2237"]
[Site "http://www.queenalice.com/game.php?id=956880"]
[Date "2011.7.4"]
[Round "2"]
[White "Fregapani"]
[Black "muppyman"]
[Result "0-1"]
[WhiteElo "2277"]
[BlackElo "2405"]

1. e4 e6 2. d4 d5 3. Nc3 Bb4 4. e5 c5 5. a3 Ba5 6. dxc5 d4 7. b4 dxc3 8. bxa5
Qxd1+ 9. Kxd1 Ne7 10. Ne2 Nd5 11. h4 Nc6 12. Rh3 Nxe5 13. Nxc3 O-O 14. Bd2 Nf6
15. Ke1 Nc6 16. Nb5 Ne4 17. Bb4 e5 18. Rb3 Rd8 19. Rd3 Rf8 20. Nd6 Nf6 0-1